000 00544nam a2200193Ia 4500
005 20250508155359.0
008 008 250505s9999 xx 000 0 eng d
037 _aTextual
040 _aFEDL
_beng
_cFEDL
041 _aeng
_2eng
084 _a370.193, MAY
_qFEDL
100 _aMays John Barron
245 0 _aEducation and the urban child
260 _aLiverpool
_bLiverpool University Press
_c1962
300 _aix,208p.
490 _aSocial Research Series
942 _cTEXL
_h370.193, MAY
999 _c1356370
_d1356370